De la locura a la esperanza: la guerra de doce años en El Salvador. Informe de la Comisión de la Verdad para El Salvador
I. Introducción.%II. El MandatoI. Introducción.%II. El Mandato%III. Cronología de la violencia%V. Recomendaciones.%Epílogo: los buscadores de paz
Wedi'i Gadw mewn:
| Fformat: | Texto |
|---|---|
| Tagiau: |
Ychwanegu Tag
Dim Tagiau, Byddwch y cyntaf i dagio'r cofnod hwn!
|
MARC
| LEADER | 00000 a a2200000 04500 | ||
|---|---|---|---|
| 001 | 5145 | ||
| 003 | |||
| 040 | |||
| 245 | |a De la locura a la esperanza: |b la guerra de doce años en El Salvador. Informe de la Comisión de la Verdad para El Salvador | ||
| 520 | |a I. Introducción.%II. El MandatoI. Introducción.%II. El Mandato%III. Cronología de la violencia%V. Recomendaciones.%Epílogo: los buscadores de paz | ||
| 773 | |g volumen 48; páginas 155- 326 | ||
| 999 | |c 31407 |d 31407 | ||
